| 000 | 00961nac a22002771i 4500 | ||
|---|---|---|---|
| 003 | EG-ScBUE | ||
| 005 | 20230227031625.0 | ||
| 008 | 230227s2003 ko a f 000 0 eng d | ||
| 020 | _a8957700234 | ||
| 040 |
_aEG-ScBUE _beng _erda _cEG-ScBUE _dEG-ScBUE |
||
| 082 | 0 | 4 |
_a727.7095195 _bNAM _222 |
| 245 | 0 | 0 |
_aNam june paik museum competition = _bPaek Nam-jun Misulgwan hyŏnsang sŏlgye. |
| 246 | 3 | 1 | _aPaek Nam-jun Misulgwan hyŏnsang sŏlgye |
| 264 | 1 |
_aSeoul, Korea (South) : _bArchiworld, _c2003. |
|
| 300 |
_a191 pages : _bcolor illustrations ; _c31 cm. |
||
| 336 |
_2rdacontent _atext _btxt |
||
| 337 |
_2rdamedia _aunmediated _bn |
||
| 338 |
_2rdacarrier _avolume _bnc |
||
| 490 | 0 |
_aNew town project ; _v4 |
|
| 546 | _aText in Korean and English. | ||
| 650 | 7 |
_aMuseum architecture _xDesigns and plans _zKorea (South) _2BUEsh |
|
| 650 | 7 |
_aArchitecture _xCompetitions _zKorea (South) _2BUEsh |
|
| 653 | _bENGARC | ||
| 655 | _vReading book | ||
| 942 |
_cBB _2ddc |
||
| 999 |
_c3238 _d3238 |
||